000 01890ngm a22003970a 4500
001 PT45857
003 AR-LpoUNG
005 20210201235953.0
007 vd cvaizq
008 191001s1957||||ag |||||||||||||||||jpn d
037 _c$8
040 _aAR-LpoUNG
_bspa
_cAR-LpoUNG
_eaacr
041 _ajpn
044 _aag
082 0 _a952.024 96tro
100 1 _aKurosawa, Akira
_edir.
245 1 0 _aTrono de sangre
260 _aBuenos Aires :
_bEpoca,
_c1957.
300 _aDVD (105 min.) : son., byn
505 0 _aGuión: Akira Kurosawa, Ryuzo Kikushima, Hideo Oguni, Shinobu Hashimoto. Basada en la obra de William Shakespeare "Macbeth". Música: Masaru Sato. Protagonistas: Toshiro Mifune, Isuzu Yamada, Minoru Chiaki, Akira Kubo, Takashi Shimura, Takamaru Sasaki. Subtítulos en castellano.
520 _aAl regreso de una campaña victoriosa, en el Japón del siglo XVI, Washizu y Miki son sorprendidos en un bosque por la Muerte que les predice un futuro que va a ocurrir ante sus espantados ojos. Extraordinaria adaptacion de Macbeth, quién sabe la mejor de todas. El logro no es sólo por la belleza formal de la obra sino por el resultado del traslado del tema al Japón del siglo XVI. ®Ese periodo de guerras civiles se correspondía muy bien con el descripto por Shakespeare, dice Kurosawa, a tal punto que en Japón tuvimos un personaje como el de Macbeth. Asi que trasladar ese drama al Japón me surgió espontáneamente. Me olvidé de Shakespeare y rodé el film como si se tratara de una historia de mi pais».
650 4 _aDRAMA
650 4 _aGUERRA
650 4 _aHISTORIA POLITICA
650 4 _aJAPON
650 4 _aPODER POLITICO
650 4 _aRELACIONES HUMANAS
651 4 _aJapón
653 _aBELICO
653 _aCINE JAPONES
653 _aDVD
653 _aFEUDALISMO
653 _aVIDEOS
905 _a45857
942 _cDVD
999 _c53888
_d53888